An approach English literature for students abroad
Spremljeno u:
| Format: | Knjiga |
|---|---|
| Izdano: |
1950
|
| Oznake: |
Dodaj oznaku
Bez oznaka, Budi prvi tko označuje ovaj zapis!
|
| Thư viện lưu trữ: | Mạng thư viện Đại học Đà Nẵng |
|---|
| LEADER | 00455nam a22001811a 4500 | ||
|---|---|---|---|
| 001 | 000037979 | ||
| 003 | 14274 | ||
| 005 | 20160412021208.0 | ||
| 008 | 160412s1950 000 | ||
| 082 | |a 4A(07)1493 | ||
| 245 | |a An approach English literature for students abroad |c H.B.Drake | ||
| 260 | |c 1950 | ||
| OWN | |a LNN | ||
| 999 | |a From the UDN01 | ||
| TYP | |a Monograph | ||
| 980 | |a Mạng thư viện Đại học Đà Nẵng | ||